[Event "British Rapidplay Championship 2023"]
[Site "Mercure Bradford, Bankfield Hotel"]
[Date "2023.04.15"]
[Round "2.25"]
[White "Weldon, James"]
[Black "Sisupalan, Beni"]
[Result "0-1"]
[TimeControl "All moves in 15 minutes plus 10 second increment per move from move 1"]
[WhiteElo "1455"]
[BlackElo "1497"]

1. e4 {[%clk 00:15:18]} {[%emt 00:00:02]} e5 {[%clk 00:15:19]} {[%emt
00:00:02]} 2. Nf3 {[%clk 00:15:27]} Nc6 {[%clk 00:15:28]} {[%emt 00:00:01]} 3.
Bc4 {[%clk 00:15:36]} {[%emt 00:00:01]} Bc5 {[%clk 00:15:36]} {[%emt 00:00:02]}
4. d3 {[%clk 00:15:42]} {[%emt 00:00:04]} Nf6 {[%clk 00:15:43]} {[%emt
00:00:03]} 5. a3 {[%clk 00:15:35]} {[%emt 00:00:17]} d6 {[%clk 00:15:49]}
{[%emt 00:00:05]} 6. Ng5 {[%clk 00:14:23]} {[%emt 00:01:21]} O-O {[%clk
00:15:35]} {[%emt 00:00:23]} 7. Nc3 {[%clk 00:13:54]} {[%emt 00:00:40]} h6
{[%clk 00:15:36]} {[%emt 00:00:09]} 8. Nf3 {[%clk 00:13:56]} {[%emt 00:00:08]}
Bb6 {[%clk 00:15:01]} {[%emt 00:00:45]} 9. Na4 {[%clk 00:13:55]} {[%emt
00:00:12]} Be6 {[%clk 00:14:50]} {[%emt 00:00:20]} 10. Nxb6 {[%clk 00:13:41]}
{[%emt 00:00:24]} axb6 {[%clk 00:14:58]} {[%emt 00:00:02]} 11. Bxe6 {[%clk
00:12:38]} {[%emt 00:01:13]} fxe6 {[%clk 00:15:06]} {[%emt 00:00:02]} 12. c3
{[%clk 00:12:47]} {[%emt 00:00:02]} d5 {[%clk 00:15:05]} {[%emt 00:00:10]} 13.
Qb3 {[%clk 00:12:45]} {[%emt 00:00:12]} Kh7 {[%clk 00:14:23]} {[%emt 00:00:52]}
14. exd5 {[%clk 00:12:27]} {[%emt 00:00:28]} exd5 {[%clk 00:14:31]} {[%emt
00:00:02]} 15. Qc2 {[%clk 00:12:23]} {[%emt 00:00:13]} Kh8 {[%clk 00:14:15]}
{[%emt 00:00:26]} 16. O-O {[%clk 00:12:29]} {[%emt 00:00:04]} Qd7 {[%clk
00:13:42]} {[%emt 00:00:43]} 17. h3 {[%clk 00:11:33]} {[%emt 00:01:06]} Qf5
{[%clk 00:13:05]} {[%emt 00:00:47]} 18. Re1 {[%clk 00:10:44]} {[%emt 00:01:00]}
Rae8 {[%clk 00:12:38]} {[%emt 00:00:37]} 19. Nh4 {[%clk 00:10:52]} {[%emt
00:00:02]} Qh5 {[%clk 00:12:35]} {[%emt 00:00:13]} 20. Nf3 {[%clk 00:10:02]}
{[%emt 00:01:00]} g5 {[%clk 00:10:49]} {[%emt 00:01:56]} 21. Qd2 {[%clk
00:09:58]} {[%emt 00:00:15]} e4 {[%clk 00:08:56]} {[%emt 00:02:03]} 22. dxe4
{[%clk 00:10:03]} {[%emt 00:00:04]} dxe4 {[%clk 00:08:53]} {[%emt 00:00:14]} 23.
Nd4 {[%clk 00:10:10]} {[%emt 00:00:03]} Ne5 {[%clk 00:08:28]} {[%emt 00:00:35]}
24. Re3 {[%clk 00:09:00]} {[%emt 00:01:20]} Nc4 {[%clk 00:07:40]} {[%emt
00:00:58]} 25. Qe2 {[%clk 00:08:42]} {[%emt 00:00:28]} Nxe3 {[%clk 00:07:43]}
{[%emt 00:00:07]} 26. Qxh5 {[%clk 00:08:49]} {[%emt 00:00:02]} Nxh5 {[%clk
00:07:49]} {[%emt 00:00:04]} 27. fxe3 {[%clk 00:08:56]} {[%emt 00:00:03]} c6
{[%clk 00:07:28]} {[%emt 00:00:32]} 28. b4 {[%clk 00:09:02]} {[%emt 00:00:04]}
Rf6 {[%clk 00:07:27]} {[%emt 00:00:11]} 29. g4 {[%clk 00:08:42]} {[%emt
00:00:30]} Ng7 {[%clk 00:06:53]} {[%emt 00:00:43]} 30. Bb2 {[%clk 00:08:49]}
{[%emt 00:00:03]} Kg8 {[%clk 00:06:45]} {[%emt 00:00:18]} 31. Rf1 {[%clk
00:08:43]} {[%emt 00:00:17]} Rxf1+ {[%clk 00:06:50]} {[%emt 00:00:06]} 32. Kxf1
{[%clk 00:08:51]} {[%emt 00:00:01]} Kf7 {[%clk 00:06:55]} {[%emt 00:00:05]} 33.
c4 {[%clk 00:08:49]} {[%emt 00:00:12]} Rd8 {[%clk 00:06:48]} {[%emt 00:00:17]}
34. a4 {[%clk 00:08:55]} {[%emt 00:00:04]} Kg6 {[%clk 00:06:28]} {[%emt
00:00:30]} 35. Ke2 {[%clk 00:08:59]} {[%emt 00:00:06]} h5 {[%clk 00:06:27]}
{[%emt 00:00:11]} 36. Nb3 {[%clk 00:08:30]} {[%emt 00:00:39]} hxg4 {[%clk
00:06:21]} {[%emt 00:00:16]} 37. hxg4 {[%clk 00:08:38]} {[%emt 00:00:02]} Ne6
{[%clk 00:06:06]} {[%emt 00:00:24]} 38. c5 {[%clk 00:08:40]} {[%emt 00:00:08]}
bxc5 {[%clk 00:06:07]} {[%emt 00:00:09]} 39. Nxc5 {[%clk 00:08:40]} {[%emt
00:00:11]} Nxc5 {[%clk 00:05:42]} {[%emt 00:00:36]} 40. bxc5 {[%clk 00:08:48]}
{[%emt 00:00:02]} Rd7 {[%clk 00:05:40]} {[%emt 00:00:12]} 41. a5 {[%clk
00:08:53]} {[%emt 00:00:05]} Rh7 {[%emt 00:00:22]} 42. Kd2 {[%clk 00:08:30]}
{[%emt 00:00:20]} Rh4 {[%clk 00:05:41]} {[%emt 00:00:09]} 43. Kc3 {[%clk
00:08:38]} {[%emt 00:00:02]} Rxg4 {[%clk 00:05:48]} {[%emt 00:00:03]} 44. Kd4
{[%clk 00:08:44]} {[%emt 00:00:03]} Kf5 {[%clk 00:05:51]} {[%emt 00:00:07]} 45.
Kc4 {[%clk 00:08:44]} {[%emt 00:00:12]} Rg1 {[%clk 00:05:36]} {[%emt 00:00:24]}
46. Bc3 {[%clk 00:08:31]} {[%emt 00:00:23]} Rc1 {[%clk 00:04:24]} {[%emt
00:01:22]} 47. Kb4 {[%clk 00:08:36]} {[%emt 00:00:05]} g4 {[%clk 00:04:09]}
{[%emt 00:00:25]} 48. a6 {[%clk 00:08:45]} {[%emt 00:00:01]} bxa6 {[%clk
00:04:17]} {[%emt 00:00:02]} 49. Ka5 {[%clk 00:08:54]} {[%emt 00:00:01]} Rxc3
{[%clk 00:04:24]} {[%emt 00:00:03]} 50. Kb6 {[%clk 00:09:02]} {[%emt 00:00:01]}
g3 {[%clk 00:04:31]} {[%emt 00:00:03]} 51. Kxc6 {[%clk 00:09:11]} {[%emt
00:00:02]} g2 {[%clk 00:04:39]} {[%emt 00:00:02]} 52. Kd6 {[%clk 00:09:19]}
{[%emt 00:00:02]} g1=Q {[%emt 00:00:05]} 53. c6 {[%clk 00:09:27]} {[%emt
00:00:01]} Qg6+ {[%clk 00:04:53]} {[%emt 00:00:03]} 0-1

[Event "British Rapidplay Championship 2023"]
[Site "Mercure Bradford, Bankfield Hotel"]
[Date "2023.04.15"]
[Round "2.26"]
[White "Waite, Nicholas"]
[Black "Lloyd, Stephen M"]
[Result "0-1"]
[TimeControl "All moves in 15 minutes plus 10 second increment per move from move 1"]
[WhiteElo "1419"]
[BlackElo "1579"]

1. d4 {[%clk 00:15:18]} Nf6 {[%clk 00:15:19]} {[%emt 00:00:03]} 2. Nf3 {[%clk
00:15:27]} {[%emt 00:00:01]} g6 {[%clk 00:15:27]} {[%emt 00:00:01]} 3. g3
{[%clk 00:15:35]} {[%emt 00:00:02]} Bg7 {[%clk 00:15:31]} {[%emt 00:00:06]} 4.
Bg2 {[%clk 00:15:43]} {[%emt 00:00:02]} O-O {[%clk 00:15:35]} {[%emt 00:00:06]}
5. O-O {[%clk 00:15:51]} {[%emt 00:00:03]} d6 {[%clk 00:15:42]} {[%emt
00:00:03]} 6. b3 {[%clk 00:15:58]} {[%emt 00:00:02]} Nbd7 {[%clk 00:15:35]}
{[%emt 00:00:18]} 7. Bb2 {[%clk 00:16:06]} {[%emt 00:00:02]} c5 {[%clk
00:15:12]} {[%emt 00:00:32]} 8. c4 {[%clk 00:16:03]} {[%emt 00:00:13]} Re8
{[%clk 00:14:46]} {[%emt 00:00:37]} 9. Nbd2 {[%clk 00:16:10]} {[%emt 00:00:03]}
Nf8 {[%clk 00:14:41]} {[%emt 00:00:14]} 10. Qc2 {[%clk 00:15:20]} {[%emt
00:01:00]} Bd7 {[%clk 00:13:33]} {[%emt 00:01:19]} 11. Rad1 {[%clk 00:14:51]}
{[%emt 00:00:38]} Qc7 {[%clk 00:12:51]} {[%emt 00:00:53]} 12. d5 {[%clk
00:14:04]} {[%emt 00:00:56]} e6 {[%clk 00:12:21]} {[%emt 00:00:40]} 13. e4
{[%clk 00:14:09]} {[%emt 00:00:05]} e5 {[%clk 00:12:03]} {[%emt 00:00:28]} 14.
Bc1 {[%clk 00:13:45]} {[%emt 00:00:34]} h6 {[%clk 00:11:16]} {[%emt 00:00:57]}
15. Ne1 {[%clk 00:13:03]} {[%emt 00:00:52]} g5 {[%clk 00:11:12]} {[%emt
00:00:14]} 16. Kh1 {[%clk 00:12:30]} {[%emt 00:00:43]} Ng6 {[%clk 00:10:36]}
{[%emt 00:00:46]} 17. h3 {[%clk 00:12:04]} {[%emt 00:00:36]} Rf8 {[%clk
00:09:35]} {[%emt 00:01:12]} 18. Kh2 {[%clk 00:12:11]} {[%emt 00:00:02]} Ne8
{[%clk 00:08:48]} {[%emt 00:00:58]} 19. Nd3 {[%clk 00:11:39]} {[%emt 00:00:41]}
f5 {[%clk 00:08:44]} {[%emt 00:00:14]} 20. f3 {[%clk 00:11:44]} {[%emt
00:00:05]} f4 {[%clk 00:08:45]} {[%emt 00:00:09]} 21. g4 {[%clk 00:11:42]}
{[%emt 00:00:12]} Nf6 {[%clk 00:08:42]} {[%emt 00:00:13]} 22. Rh1 {[%clk
00:11:48]} {[%emt 00:00:04]} a6 {[%clk 00:07:30]} {[%emt 00:01:23]} 23. Nf1
{[%clk 00:11:48]} {[%emt 00:00:09]} b5 {[%clk 00:07:32]} {[%emt 00:00:08]} 24.
Bd2 {[%clk 00:11:14]} {[%emt 00:00:02]} Rfb8 {[%clk 00:07:09]} {[%emt
00:01:14]} 25. Be1 {[%clk 00:11:20]} {[%emt 00:00:04]} Rb7 {[%clk 00:05:42]}
{[%emt 00:01:37]} 26. Kg1 {[%clk 00:11:27]} {[%emt 00:00:03]} Rab8 {[%clk
00:05:40]} {[%emt 00:00:13]} 27. h4 {[%clk 00:11:16]} {[%emt 00:00:19]} Qc8
{[%clk 00:04:39]} {[%emt 00:01:12]} 28. hxg5 {[%clk 00:11:20]} {[%emt
00:00:06]} hxg5 {[%clk 00:04:46]} {[%emt 00:00:03]} 29. Nd2 {[%clk 00:11:25]}
{[%emt 00:00:06]} Kf7 {[%clk 00:04:44]} {[%emt 00:00:11]} 30. Nb1 {[%clk
00:11:28]} {[%emt 00:00:07]} Nxg4 {[%clk 00:04:24]} {[%emt 00:00:30]} 31. fxg4
{[%clk 00:11:35]} {[%emt 00:00:03]} Bxg4 {[%clk 00:04:32]} {[%emt 00:00:02]} 32.
Bf1 {[%clk 00:11:40]} {[%emt 00:00:05]} Bxd1 {[%clk 00:04:34]} {[%emt
00:00:08]} 33. Qxd1 {[%clk 00:11:47]} {[%emt 00:00:02]} bxc4 {[%emt 00:00:25]}
34. Bh4 {[%clk 00:11:27]} {[%emt 00:00:26]} Nxh4 {[%clk 00:04:23]} {[%emt
00:00:12]} 35. Rxh4 {[%clk 00:11:31]} {[%emt 00:00:04]} gxh4 {[%clk 00:04:15]}
{[%emt 00:00:19]} 36. Qh5+ {[%clk 00:11:39]} {[%emt 00:00:02]} Kg8 {[%clk
00:04:17]} {[%emt 00:00:08]} 37. Nf2 {[%clk 00:11:40]} {[%emt 00:00:09]} cxb3
{[%clk 00:04:17]} {[%emt 00:00:10]} 38. a3 {[%clk 00:11:25]} {[%emt 00:00:25]}
c4 {[%clk 00:04:00]} {[%emt 00:00:28]} 39. Bh3 {[%clk 00:11:14]} {[%emt
00:00:21]} Qe8 {[%clk 00:03:43]} {[%emt 00:00:28]} 40. Be6+ {[%clk 00:11:22]}
{[%emt 00:00:02]} Kf8 {[%clk 00:03:34]} {[%emt 00:00:19]} 41. Qf5+ {[%clk
00:11:27]} {[%emt 00:00:04]} Rf7 {[%clk 00:03:38]} {[%emt 00:00:06]} 42. Bxf7
{[%clk 00:11:22]} {[%emt 00:00:15]} Qxf7 {[%clk 00:03:46]} {[%emt 00:00:03]} 43.
Qg4 {[%clk 00:11:20]} {[%emt 00:00:10]} Bf6 {[%clk 00:03:17]} {[%emt 00:00:39]}
44. Nh3 {[%clk 00:11:23]} {[%emt 00:00:07]} Qg7 {[%clk 00:03:19]} {[%emt
00:00:09]} 45. Qxg7+ {[%clk 00:11:27]} {[%emt 00:00:05]} Kxg7 {[%clk 00:03:26]}
{[%emt 00:00:03]} 46. Kf2 {[%clk 00:11:36]} {[%emt 00:00:02]} Rc8 {[%clk
00:03:29]} {[%emt 00:00:07]} 47. Nc3 {[%clk 00:11:36]} {[%emt 00:00:09]} Bd8
{[%clk 00:03:35]} {[%emt 00:00:05]} 48. Ng5 {[%clk 00:11:41]} {[%emt 00:00:05]}
Bxg5 {[%clk 00:03:40]} {[%emt 00:00:04]} 49. a4 {[%clk 00:11:49]} {[%emt
00:00:03]} Bd8 {[%clk 00:03:45]} {[%emt 00:00:04]} 50. Ke2 {[%clk 00:11:57]}
{[%emt 00:00:02]} Ba5 {[%clk 00:03:53]} {[%emt 00:00:02]} 51. Kd2 {[%clk
00:12:04]} {[%emt 00:00:03]} h3 {[%clk 00:04:00]} {[%emt 00:00:03]} 52. Ke1
{[%clk 00:11:47]} {[%emt 00:00:14]} 0-1

[Event "British Rapidplay Championship 2023"]
[Site "Mercure Bradford, Bankfield Hotel"]
[Date "2023.04.15"]
[Round "2.27"]
[White "Bastow, Mark A"]
[Black "Gorrell, Elinor"]
[Result "1-0"]
[TimeControl "All moves in 15 minutes plus 10 second increment per move from move 1"]
[WhiteElo "1739"]
[BlackElo "1348"]

1. d4 {[%clk 00:15:15]} {[%emt 00:00:04]} d5 {[%clk 00:15:18]} {[%emt
00:00:02]} 2. Nf3 {[%clk 00:15:21]} {[%emt 00:00:04]} Nf6 {[%clk 00:15:18]}
{[%emt 00:00:10]} 3. e3 {[%clk 00:15:13]} {[%emt 00:00:17]} Bg4 {[%clk
00:15:16]} {[%emt 00:00:12]} 4. c4 {[%clk 00:14:11]} {[%emt 00:01:12]} e6
{[%clk 00:15:11]} {[%emt 00:00:16]} 5. Nc3 {[%clk 00:13:41]} {[%emt 00:00:40]}
Nbd7 {[%clk 00:14:31]} {[%emt 00:00:49]} 6. cxd5 {[%clk 00:12:17]} {[%emt
00:01:34]} exd5 {[%clk 00:14:34]} {[%emt 00:00:07]} 7. Qb3 {[%clk 00:12:08]}
{[%emt 00:00:19]} Nb6 {[%clk 00:14:11]} {[%emt 00:00:34]} 8. Ne5 {[%clk
00:11:34]} {[%emt 00:00:43]} Bf5 {[%clk 00:12:54]} {[%emt 00:01:27]} 9. Bd2
{[%clk 00:11:13]} {[%emt 00:00:32]} c6 {[%clk 00:12:47]} {[%emt 00:00:17]} 10.
Be2 {[%clk 00:10:07]} {[%emt 00:01:15]} Bd6 {[%clk 00:12:39]} {[%emt 00:00:19]}
11. Nf3 {[%clk 00:08:51]} {[%emt 00:01:26]} O-O {[%clk 00:12:18]} {[%emt
00:00:31]} 12. O-O {[%clk 00:08:58]} {[%emt 00:00:03]} Re8 {[%clk 00:12:15]}
{[%emt 00:00:13]} 13. Rfd1 {[%clk 00:08:37]} {[%emt 00:00:31]} Rb8 {[%clk
00:12:07]} {[%emt 00:00:18]} 14. Rac1 {[%clk 00:08:24]} {[%emt 00:00:22]} h6
{[%clk 00:10:15]} {[%emt 00:02:03]} 15. Na4 {[%clk 00:08:23]} {[%emt 00:00:11]}
Nxa4 {[%clk 00:10:00]} {[%emt 00:00:26]} 16. Qxa4 {[%clk 00:08:31]} {[%emt
00:00:01]} a6 {[%clk 00:09:02]} {[%emt 00:01:08]} 17. b4 {[%clk 00:07:51]}
{[%emt 00:00:50]} Qc7 {[%clk 00:07:35]} {[%emt 00:01:37]} 18. Qb3 {[%clk
00:07:16]} {[%emt 00:00:44]} Ne4 {[%clk 00:06:56]} {[%emt 00:00:49]} 19. Be1
{[%clk 00:07:20]} {[%emt 00:00:06]} Bg4 {[%clk 00:06:29]} {[%emt 00:00:37]} 20.
h3 {[%clk 00:06:30]} {[%emt 00:01:00]} Bh5 {[%clk 00:06:24]} {[%emt 00:00:16]}
21. a4 {[%clk 00:06:29]} {[%emt 00:00:11]} Qe7 {[%clk 00:05:40]} {[%emt
00:00:54]} 22. Qb2 {[%clk 00:05:18]} {[%emt 00:01:20]} b5 {[%clk 00:04:53]}
{[%emt 00:00:58]} 23. axb5 {[%clk 00:04:49]} {[%emt 00:00:39]} cxb5 {[%clk
00:05:00]} {[%emt 00:00:03]} 24. Rc6 {[%clk 00:04:43]} {[%emt 00:00:15]} Ra8
{[%clk 00:04:28]} {[%emt 00:00:42]} 25. Rdc1 {[%clk 00:04:42]} {[%emt
00:00:11]} Qe6 {[%clk 00:03:38]} {[%emt 00:01:00]} 26. Qc2 {[%clk 00:03:32]}
{[%emt 00:01:21]} Qe7 {[%clk 00:02:52]} {[%emt 00:00:56]} 27. Qb2 {[%clk
00:02:31]} {[%emt 00:01:11]} Qf8 {[%clk 00:02:00]} {[%emt 00:01:01]} 28. Ra1
{[%clk 00:01:44]} {[%emt 00:00:57]} Bxf3 {[%clk 00:00:55]} {[%emt 00:01:14]} 29.
Bxf3 {[%clk 00:01:49]} {[%emt 00:00:06]} Re6 {[%clk 00:00:59]} {[%emt
00:00:07]} 30. Bxe4 {[%clk 00:01:10]} {[%emt 00:00:48]} dxe4 {[%clk 00:00:38]}
{[%emt 00:00:32]} 31. Kf1 {[%clk 00:00:44]} {[%emt 00:00:35]} Be7 {[%clk
00:00:25]} {[%emt 00:00:24]} 32. Rxe6 {[%clk 00:00:45]} {[%emt 00:00:09]} fxe6
{[%clk 00:00:33]} {[%emt 00:00:02]} 33. Qb3 {[%clk 00:00:49]} {[%emt 00:00:05]}
Qf6 {[%emt 00:00:13]} 34. Rc1 {[%clk 00:00:55]} Rf8 {[%clk 00:00:39]} {[%emt
00:00:06]} 35. Rc6 {[%clk 00:01:02]} {[%emt 00:00:03]} Kh7 {[%clk 00:00:42]}
{[%emt 00:00:07]} 36. Qxe6 {[%clk 00:01:08]} {[%emt 00:00:03]} Qxe6 {[%clk
00:00:19]} {[%emt 00:00:33]} 37. Rxe6 {[%clk 00:01:17]} {[%emt 00:00:01]} Bf6
{[%clk 00:00:24]} {[%emt 00:00:05]} 38. Rxa6 {[%clk 00:01:25]} {[%emt
00:00:02]} Rb8 {[%clk 00:00:26]} {[%emt 00:00:08]} 39. Ke2 {[%clk 00:01:32]}
{[%emt 00:00:03]} Kg8 {[%clk 00:00:34]} {[%emt 00:00:02]} 40. Bd2 {[%clk
00:01:38]} {[%emt 00:00:04]} Kf7 {[%clk 00:00:43]} {[%emt 00:00:02]} 41. Ra7+
{[%clk 00:01:46]} {[%emt 00:00:02]} Ke6 {[%clk 00:00:49]} {[%emt 00:00:04]} 42.
f4 {[%clk 00:01:51]} {[%emt 00:00:05]} Kd5 {[%clk 00:00:33]} {[%emt 00:00:27]}
43. g4 {[%clk 00:01:54]} {[%emt 00:00:06]} Kc4 {[%clk 00:00:38]} {[%emt
00:00:04]} 44. Be1 {[%clk 00:01:58]} {[%emt 00:00:06]} Re8 {[%clk 00:00:34]}
{[%emt 00:00:14]} 45. h4 {[%clk 00:02:03]} {[%emt 00:00:05]} Be7 {[%clk
00:00:37]} {[%emt 00:00:07]} 46. Rc7+ {[%clk 00:02:09]} {[%emt 00:00:04]} Kb3
{[%clk 00:00:42]} {[%emt 00:00:05]} 47. Rb7 {[%clk 00:02:15]} {[%emt 00:00:04]}
Ka4 {[%clk 00:00:35]} {[%emt 00:00:17]} 48. g5 {[%clk 00:02:18]} {[%emt
00:00:07]} hxg5 {[%clk 00:00:29]} {[%emt 00:00:16]} 49. hxg5 {[%clk 00:02:27]}
Bxb4 {[%clk 00:00:33]} {[%emt 00:00:07]} 50. Ra7+ {[%clk 00:02:24]} {[%emt
00:00:12]} Kb3 {[%clk 00:00:40]} {[%emt 00:00:03]} 51. Rxg7 {[%clk 00:02:31]}
{[%emt 00:00:03]} Bc3 {[%clk 00:00:31]} {[%emt 00:00:19]} 52. f5 {[%clk
00:02:32]} {[%emt 00:00:09]} b4 {[%clk 00:00:38]} {[%emt 00:00:03]} 53. f6
{[%clk 00:02:40]} {[%emt 00:00:02]} Kc2 {[%clk 00:00:39]} {[%emt 00:00:09]} 54.
Rc7 {[%clk 00:02:44]} {[%emt 00:00:06]} Rf8 {[%clk 00:00:21]} {[%emt 00:00:28]}
55. f7 {[%clk 00:02:46]} {[%emt 00:00:07]} Kb2 {[%clk 00:00:20]} {[%emt
00:00:12]} 56. g6 {[%clk 00:02:48]} {[%emt 00:00:10]} b3 {[%clk 00:00:28]} 57.
Bxc3+ {[%clk 00:02:55]} {[%emt 00:00:02]} Kb1 {[%clk 00:00:37]} {[%emt
00:00:02]} 58. g7 {[%clk 00:03:03]} {[%emt 00:00:02]} Ra8 {[%clk 00:00:40]}
{[%emt 00:00:07]} 59. g8=Q {[%clk 00:03:09]} {[%emt 00:00:05]} Ra2+ {[%clk
00:00:47]} {[%emt 00:00:03]} 60. Kd1 {[%clk 00:03:12]} {[%emt 00:00:07]} b2
{[%clk 00:00:30]} {[%emt 00:00:27]} 61. Qb8 {[%clk 00:03:19]} {[%emt 00:00:03]}
Ka1 {[%clk 00:00:17]} {[%emt 00:00:23]} 62. Ra7 {[%clk 00:03:20]} {[%emt
00:00:08]} {Black lost on time} 1-0

[Event "British Rapidplay Championship 2023"]
[Site "Mercure Bradford, Bankfield Hotel"]
[Date "2023.04.15"]
[Round "2.29"]
[White "Bennett, Eric"]
[Black "Parr, Thomas"]
[Result "1-0"]
[TimeControl "All moves in 15 minutes plus 10 second increment per move from move 1"]
[WhiteElo "1730"]
[BlackElo "1324"]

1. Nf3 {[%clk 00:15:19]} f5 {[%clk 00:15:15]} {[%emt 00:00:05]} 2. e4 {[%clk
00:15:24]} {[%emt 00:00:05]} fxe4 {[%clk 00:15:23]} {[%emt 00:00:02]} 3. Ng5
{[%clk 00:15:33]} {[%emt 00:00:01]} Nf6 {[%clk 00:15:28]} {[%emt 00:00:06]} 4.
d3 {[%clk 00:15:37]} {[%emt 00:00:05]} g6 {[%clk 00:15:23]} {[%emt 00:00:15]} 5.
dxe4 {[%clk 00:15:34]} {[%emt 00:00:13]} d6 {[%clk 00:15:30]} {[%emt 00:00:03]}
6. Bc4 {[%clk 00:15:39]} {[%emt 00:00:05]} Bg7 {[%clk 00:15:18]} {[%emt
00:00:22]} 7. Nf7 {[%clk 00:15:46]} {[%emt 00:00:03]} Qd7 {[%clk 00:15:19]}
{[%emt 00:00:09]} 8. Nxh8 {[%clk 00:15:53]} {[%emt 00:00:02]} Bxh8 {[%clk
00:15:27]} {[%emt 00:00:03]} 9. f3 {[%clk 00:15:59]} {[%emt 00:00:04]} Nc6
{[%clk 00:15:33]} {[%emt 00:00:04]} 10. Nc3 {[%clk 00:16:06]} {[%emt 00:00:03]}
e5 {[%clk 00:15:33]} {[%emt 00:00:10]} 11. Be3 {[%clk 00:16:07]} {[%emt
00:00:09]} b6 {[%clk 00:15:29]} {[%emt 00:00:15]} 12. Qd2 {[%clk 00:16:13]}
{[%emt 00:00:02]} Bb7 {[%clk 00:15:19]} {[%emt 00:00:21]} 13. O-O-O {[%clk
00:16:20]} {[%emt 00:00:03]} O-O-O {[%clk 00:15:26]} {[%emt 00:00:04]} 14. Bg5
{[%clk 00:16:18]} {[%emt 00:00:11]} Rf8 {[%clk 00:14:40]} {[%emt 00:00:56]} 15.
Nd5 {[%clk 00:16:21]} {[%emt 00:00:06]} Nxd5 {[%clk 00:14:25]} {[%emt
00:00:26]} 16. Bxd5 {[%clk 00:16:29]} {[%emt 00:00:02]} Kb8 {[%clk 00:12:39]}
{[%emt 00:01:56]} 17. a3 {[%clk 00:16:36]} {[%emt 00:00:03]} Bg7 {[%clk
00:12:34]} {[%emt 00:00:15]} 18. h4 {[%clk 00:16:45]} {[%emt 00:00:01]} Rh8
{[%clk 00:11:15]} {[%emt 00:01:30]} 19. h5 {[%clk 00:16:52]} {[%emt 00:00:02]}
Rf8 {[%clk 00:10:25]} {[%emt 00:00:59]} 20. hxg6 {[%clk 00:16:58]} {[%emt
00:00:04]} hxg6 {[%clk 00:10:33]} {[%emt 00:00:02]} 21. Bh6 {[%clk 00:17:05]}
{[%emt 00:00:03]} a5 {[%clk 00:08:01]} {[%emt 00:02:43]} 22. Bxg7 {[%clk
00:17:12]} {[%emt 00:00:02]} Qxg7 {[%clk 00:08:09]} {[%emt 00:00:02]} 23. Qh6
{[%clk 00:17:20]} {[%emt 00:00:02]} Qxh6+ {[%clk 00:08:12]} {[%emt 00:00:06]}
24. Rxh6 {[%clk 00:17:29]} {[%emt 00:00:01]} Ne7 {[%clk 00:08:09]} {[%emt
00:00:14]} 25. Bxb7 {[%clk 00:17:36]} {[%emt 00:00:02]} Kxb7 {[%clk 00:08:17]}
{[%emt 00:00:02]} 26. Rh7 {[%clk 00:17:44]} {[%emt 00:00:01]} Re8 {[%clk
00:08:24]} {[%emt 00:00:04]} 27. Rg7 {[%clk 00:17:51]} {[%emt 00:00:03]} Kc8
{[%clk 00:07:04]} {[%emt 00:01:30]} 28. Rh1 {[%clk 00:17:59]} {[%emt 00:00:02]}
Kd8 {[%clk 00:07:10]} {[%emt 00:00:04]} 29. Rhh7 {[%clk 00:18:07]} {[%emt
00:00:01]} b5 {[%clk 00:05:58]} {[%emt 00:01:23]} 30. Kd2 {[%clk 00:18:16]}
{[%emt 00:00:01]} c5 {[%clk 00:05:49]} {[%emt 00:00:19]} 31. Kd3 {[%clk
00:18:24]} {[%emt 00:00:02]} c4+ {[%clk 00:04:42]} {[%emt 00:01:17]} 32. Kc3
{[%clk 00:18:32]} {[%emt 00:00:01]} d5 {[%clk 00:04:29]} {[%emt 00:00:24]} 33.
exd5 {[%clk 00:18:38]} {[%emt 00:00:04]} Nxd5+ {[%clk 00:04:36]} {[%emt
00:00:02]} 34. Kd2 {[%clk 00:18:47]} Ne7 {[%clk 00:04:40]} {[%emt 00:00:07]} 35.
b3 {[%clk 00:18:46]} {[%emt 00:00:11]} cxb3 {[%clk 00:04:05]} {[%emt 00:00:44]}
36. cxb3 {[%clk 00:18:55]} {[%emt 00:00:01]} b4 {[%clk 00:02:22]} {[%emt
00:01:53]} 37. axb4 {[%clk 00:19:03]} {[%emt 00:00:02]} axb4 {[%clk 00:02:31]}
{[%emt 00:00:02]} 38. Kd3 {[%clk 00:19:11]} Nf5 {[%clk 00:02:25]} {[%emt
00:00:16]} 39. Ra7 {[%clk 00:19:15]} {[%emt 00:00:05]} Ne7 {[%clk 00:01:38]}
{[%emt 00:00:57]} 40. Kc4 {[%clk 00:19:19]} {[%emt 00:00:06]} g5 {[%clk
00:01:36]} {[%emt 00:00:13]} 41. Ra8+ {[%clk 00:19:17]} {[%emt 00:00:12]} Kd7
{[%clk 00:01:42]} {[%emt 00:00:04]} 42. Rxe8 {[%clk 00:19:24]} {[%emt
00:00:02]} Kxe8 {[%clk 00:01:49]} {[%emt 00:00:04]} 43. Kxb4 {[%clk 00:19:33]}
{[%emt 00:00:01]} 1-0